| 000 | 00668nam a2200169 4500 | ||
|---|---|---|---|
| 008 | 0 1988 0a 000 0MEX | ||
| 020 | _a948-651-810-2 | ||
| 050 | _aQA76 73P2 G6818 1988 | ||
| 082 | _a001.642.4 G652p | ||
| 100 | _aGottfried, Byron S. Ph D. | ||
| 245 | _aProgramación en Pascal \ Byron S. Gottfried Ph D. | ||
| 260 | _aMéxico : McGraw-Hill | ||
| 300 | _avi, 398 p. / 28 cm. | ||
| 500 | _aIncluyeap‚ndice, respuestas a problemas, índice. | ||
| 650 | _a1.PROGRAMACIÓN (COMPUTADORAS ELECTRÓNICAS) \ 2.PASCAL (LENGUAJE DE PROGRAMACIÓN PARA COMPUTADORAS) | ||
| 700 | _aBautista Paloma, Alfredo, Tr. \ Vaquero S nchez, Antonio, Rev. Téc. | ||
| 999 |
_c12149 _d12149 |
||